[Event "CRI-ch (Women)"]
[Site "San Jose"]
[Date "2024.02.17"]
[Round "7"]
[White "Campos Astorga, Priscila"]
[Black "Salazar Delgado, Aylin Naomi"]
[Result "1-0"]
[WhiteElo "1397"]
[BlackElo "1309"]
[PlyCount "31"]
[EventDate "2024.02.03"]
[EventType "swiss"]
[EventRounds "9"]
[EventCountry "CRI"]
[SourceTitle "CB08_2024"]
[SourceDate "2024.02.21"]
[SourceVersion "1"]
[SourceVersionDate "2024.02.21"]
[SourceQuality "1"]

1. e4 c6 2. Nc3 d5 3. Qf3 d4 4. Bc4 Nf6 5. e5 dxc3 6. exf6 cxd2+ 7. Bxd2 exf6 8. 0-0-0 Nd7 9. Nh3 Be7 10. Rhe1 0-0 11. Qg3 f5 12. Ng5 Bf6 13. Bf4 Qc7 14. c3 Nc5 15. Nxf7 Rxf7 16. Re8# 1-0

[Event "FISU World University"]
[Site "Tornelo INT"]
[Date "2020.10.27"]
[Round "6.32"]
[White "Campos Astorga, Priscila"]
[Black "Da Silva, Francisco Iran Sant"]
[Result "0-1"]
[WhiteElo "1381"]
[BlackElo "1825"]
[PlyCount "74"]
[EventDate "2020.10.26"]
[EventType "team-swiss (rapid)"]
[EventRounds "9"]
[EventCountry "NET"]
[SourceTitle "CBM 199 Extra"]
[Source "ChessBase"]
[SourceDate "2021.01.31"]
[SourceVersion "1"]
[SourceVersionDate "2021.01.31"]
[SourceQuality "1"]
[WhiteTeam "Costa Rica II"]
[BlackTeam "Brazil V"]
[WhiteTeamCountry "CRI"]
[BlackTeamCountry "BRA"]

1. e4 e6 2. d4 d5 3. exd5 exd5 4. Nf3 Bd6 5. Be2 Ne7 6. Nbd2 Bg4 7. Ne5 Bf5 8. Ndf3 f6 9. Nd3 Nbc6 10. Bf4 Be4 11. Bxd6 Qxd6 12. c3 0-0 13. 0-0 Ng6 14. Nd2 Nf4 15. Nxf4 Qxf4 16. Nxe4 dxe4 17. Qb3+ Kh8 18. Qxb7 Ne7 19. g3 Qd2 20. Qxe4 Rae8 21. Qd3 Qxb2 22. Rfb1 Qa3 23. Rb3 Qd6 24. Rab1 f5 25. Rb7 Nc6 26. Bf3 f4 27. Bxc6 Qxc6 28. Rxa7 f3 29. Ra6 Qd7 30. Ra5 Re2 31. Qf5 Rxf5 32. Rxf5 g6 33. Rxf3 Rxa2 34. Re1 Kg7 35. Rfe3 Qf5 36. f4 Qc2 37. Re7+ Kh6 0-1

[Event "FISU World University"]
[Site "Tornelo INT"]
[Date "2020.10.26"]
[Round "3.13"]
[White "Campos Astorga, Priscila"]
[Black "Mezentsev, Ivan"]
[Result "0-1"]
[WhiteElo "1381"]
[BlackElo "2354"]
[PlyCount "64"]
[EventDate "2020.10.26"]
[EventType "team-swiss (rapid)"]
[EventRounds "9"]
[EventCountry "NET"]
[SourceTitle "CBM 199 Extra"]
[Source "ChessBase"]
[SourceDate "2021.01.31"]
[SourceVersion "1"]
[SourceVersionDate "2021.01.31"]
[SourceQuality "1"]
[WhiteTeam "Costa Rica II"]
[BlackTeam "Kazakhstan II"]
[WhiteTeamCountry "CRI"]
[BlackTeamCountry "KAZ"]

1. e4 c5 2. Nc3 Nc6 3. f4 g6 4. Nf3 Bg7 5. g3 e6 6. Bg2 Nge7 7. d3 0-0 8. 0-0 d6 9. Be3 Nd4 10. Rb1 Rb8 11. Ne2 Nec6 12. c3 Nxf3+ 13. Bxf3 Ne7 14. e5 b6 15. d4 cxd4 16. cxd4 Bb7 17. Nc3 dxe5 18. Bxb7 exd4 19. Bg2 dxe3 20. Qf3 Nf5 21. Rfd1 Qe7 22. Ne4 Rfd8 23. b3 Rxd1+ 24. Rxd1 Rd8 25. Bh3 Rxd1+ 26. Qxd1 Nd4 27. Bf1 h6 28. Qd3 f5 29. Nc3 Qc5 30. Ne2 Nf3+ 31. Kg2 Ne1+ 32. Kg1 Nxd3 0-1

[Event "FISU World University"]
[Site "Tornelo INT"]
[Date "2020.10.26"]
[Round "2.21"]
[White "Lanaro, Emilio"]
[Black "Campos Astorga, Priscila"]
[Result "1-0"]
[WhiteElo "1657"]
[BlackElo "1381"]
[PlyCount "47"]
[EventDate "2020.10.26"]
[EventType "team-swiss (rapid)"]
[EventRounds "9"]
[EventCountry "NET"]
[SourceTitle "CBM 199 Extra"]
[Source "ChessBase"]
[SourceDate "2021.01.31"]
[SourceVersion "1"]
[SourceVersionDate "2021.01.31"]
[SourceQuality "1"]
[WhiteTeam "Uruguay"]
[BlackTeam "Costa Rica II"]
[WhiteTeamCountry "URU"]
[BlackTeamCountry "CRI"]

1. e4 e5 2. Nf3 Nc6 3. Bc4 Bc5 4. c3 d6 5. d4 Bb6 6. h3 Nf6 7. 0-0 0-0 8. Re1 h6 9. a4 a6 10. Na3 Re8 11. dxe5 Nxe5 12. Bd3 Bd7 13. Be3 Nxd3 14. Qxd3 Nxe4 15. Bxb6 cxb6 16. Rxe4 Rxe4 17. Qxe4 Bc6 18. Qd3 Qf6 19. Nc4 b5 20. Nb6 Rd8 21. Nd5 Qe6 22. Rd1 bxa4 23. c4 Qc8 24. Ne7+ 1-0